Welcome to CU Library Online Public Access Catalogue (OPAC)

Nelson textbook of pediatrics. (Record no. 4153)

MARC details
000 -LEADER
fixed length control field 00839cam a22002414a 4500
001 - CONTROL NUMBER
control field 14630808
005 - DATE AND TIME OF LATEST TRANSACTION
control field 20250223084826.0
008 - FIXED-LENGTH DATA ELEMENTS--GENERAL INFORMATION
fixed length control field 061108s2007 paua b 001 0 eng
020 ## - INTERNATIONAL STANDARD BOOK NUMBER
International Standard Book Number 9781416024507
020 ## - INTERNATIONAL STANDARD BOOK NUMBER
International Standard Book Number 1416024506
050 00 - LIBRARY OF CONGRESS CALL NUMBER
Classification number RJ45
Item number .N4 2007
082 00 - DEWEY DECIMAL CLASSIFICATION NUMBER
Classification number 618.92
Edition information 22
245 00 - TITLE STATEMENT
Title Nelson textbook of pediatrics.
Statement of responsibility, etc. [edited by] Robert M. Kliegman ... [et al.].
250 ## - EDITION STATEMENT
Edition statement 18th ed. /
Remainder of edition statement [edited by] Robert M. Kliegman ... [et al.].
260 ## - PUBLICATION, DISTRIBUTION, ETC.
Place of publication, distribution, etc. Philadelphia :
Name of publisher, distributor, etc. Saunders/Elsevier,
Date of publication, distribution, etc. c2007.
300 ## - PHYSICAL DESCRIPTION
Extent lii, 3147 p. :
Other physical details ill. (some col.) ;
Dimensions 29 cm.
650 #0 - SUBJECT ADDED ENTRY--TOPICAL TERM
Topical term or geographic name entry element Pediatrics.
650 12 - SUBJECT ADDED ENTRY--TOPICAL TERM
Topical term or geographic name entry element Pediatrics.
700 1# - ADDED ENTRY--PERSONAL NAME
Personal name Kliegman, Robert.
700 1# - ADDED ENTRY--PERSONAL NAME
Personal name Nelson, Waldo E.
Fuller form of name (Waldo Emerson),
Dates associated with a name 1898-1997.
856 41 - ELECTRONIC LOCATION AND ACCESS
Materials specified Table of contents only
Uniform Resource Identifier <a href="http://www.loc.gov/catdir/toc/ecip074/2006037517.html">http://www.loc.gov/catdir/toc/ecip074/2006037517.html</a>
942 ## - ADDED ENTRY ELEMENTS (KOHA)
Source of classification or shelving scheme Library of Congress Classification
Koha item type Books
Edition 18th ed.
Suppress in OPAC No
999 ## -
-- 4153
-- 4153
Holdings
Withdrawn status Lost status Source of classification or shelving scheme Damaged status Not for loan Collection Home library Current library Shelving location Date acquired Total checkouts Full call number Barcode Date last seen Copy number Price effective from Koha item type
    Library of Congress Classification     Non-fiction Science Library (Miotso) Science Library (Miotso) General stacks 02/23/2025   RJ45 .N4 NEL SLM00003703 02/23/2025 1 02/23/2025 Books
    Library of Congress Classification     Non-fiction Science Library (Miotso) Science Library (Miotso) General stacks 02/23/2025   RJ45 .N4 NEL SLM00003704 02/23/2025 2 02/23/2025 Books
    Library of Congress Classification     Non-fiction Science Library (Miotso) Science Library (Miotso) General stacks 02/23/2025   RJ45 .N4 NEL SLM00003705 02/23/2025 3 02/23/2025 Books
    Library of Congress Classification     Non-fiction Science Library (Miotso) Science Library (Miotso) General stacks 02/23/2025   RJ45 .N4 NEL SLM00003706 02/23/2025 4 02/23/2025 Books
    Library of Congress Classification     Non-fiction Science Library (Miotso) Science Library (Miotso) General stacks 02/23/2025   RJ45 .N4 NEL SLM00003707 02/23/2025 5 02/23/2025 Books
© 2023-2024 Copyright: Central University Libraries. All Rights Reserved | Created by: Mahone Tech Office